• 首页
  • 本馆介绍
  • 公告通知
  • 最新文献
  • 馆藏检索
  • 电子资源
  • 读者导购
  • 参考咨询
  • 我的图书馆
  • 登录
  • 详细信息显示
  • 放入我的书架
  • 预约/预借图书
  • 作者相关作品
  • 分类相关作品
  • 丛书相关作品
  • 出版社相关作品

书目信息

  • 表格格式
  • 工作单格式
  • 卡片格式
题名:
文化产品营销研究
    
 
作者: 陈守则 , 刘旭明 著
分册:  
出版信息: 北京   经济日报出版社  2012.12
页数: 214页
开本: 24cm
丛书名: 管理学学术前沿书系
单 册:
中图分类: G114
科图分类:
主题词: 文化市场--市场营销学--研究 , 文化市场 , 市场营销学
电子资源:
ISBN: 978-7-80257-476-2
000 01080oam2 2200313 450
001 010050022719
005 20130504153519.20
010    @a978-7-80257-476-2@dCNY38.00
100    @a20130124d2012 em y0chiy50 ea
101 0  @achi
102    @aCN@b110000
105    @aa z 000yy
106    @ar
200 1  @a文化产品营销研究@9wen hua chan pin ying xiao yan jiu@f陈守则,刘旭明著
210    @a北京@c经济日报出版社@d2012.12
215    @a214页@c图@d24cm
225 2  @a管理学学术前沿书系
312    @a封面英文题名:Research on cultural product marketing
330    @a本书共分为七章,主要内容包括:文化产品的属性分析;电影&影视产品营销;从超级女声到中国好声音——娱乐节目的“智”与“趣”等。
461  0 @12001 @a管理学学术前沿书系
510 1  @aResearch on cultural product marketing@zeng
606 0  @a文化市场@x市场营销学@x研究
606 0  @a文化市场
606 0  @a市场营销学
690    @aG114@v5
701  0 @a陈守则@9chen shou ze@f(1959-)@4著
701  0 @a刘旭明@9liu xu ming@f(1983-)@4著
801  0 @aCN@b人天书店@c20130124
905    @b543113-17@dG114@e20@f5
    
    文化产品营销研究/陈守则,刘旭明著.-北京:经济日报出版社,2012.12
    214页:图;24cm.-(管理学学术前沿书系)
    
    
    ISBN 978-7-80257-476-2:CNY38.00
    本书共分为七章,主要内容包括:文化产品的属性分析;电影&影视产品营销;从超级女声到中国好声音——娱乐节目的“智”与“趣”等。
●
相关链接 在E读中查询图书 在五车中查询图书 在当当中查询图书 在豆瓣中查询图书


正题名:文化产品营销研究     索取号:G114/20         预约/预借

序号 登录号 条形码 馆藏地/架位号 状态 备注
1 543113   205431139   第一样本阅览室/ [索取号:G114/20] 在馆    
2 543114   205431148   第四借阅区/ [索取号:G114/20] 在馆    
3 543115   205431157   第四借阅区/ [索取号:G114/20] 在馆    
4 543116   205431166   第四借阅区/ [索取号:G114/20] 在馆    
5 543117   205431175   密集书库-文学院/ [索取号:G114/20] 在馆    
唐山师范学院图书馆 欢迎您!
大连网信软件有限公司© 版权所有